000
00314nam a22001337a 4500
008
250721b |||||||| |||| 00| 0 eng d
020
_a
0875848974
050
_a
HD57.7
_b
.K68
100
_a
KOTTER, P. John
245
_a
What Lesders Really Do
260
_a
U.S.A
_b
Free Press
_c
1982
300
_a
184p.
942
_c
BK
999
_c
4354
_d
4354